<?xml version="1.0" encoding="UTF-8"?>
<record
    xmlns:xsi="http://www.w3.org/2001/XMLSchema-instance"
    xsi:schemaLocation="http://www.loc.gov/MARC21/slim http://www.loc.gov/standards/marcxml/schema/MARC21slim.xsd"
    xmlns="http://www.loc.gov/MARC21/slim">

  <leader>02238nam a2200577 a 4500</leader>
  <controlfield tag="005">20240325134826.0</controlfield>
  <controlfield tag="008">100311s2015||||sp il. f |||| 001 0 spa d</controlfield>
  <datafield tag="020" ind1=" " ind2=" ">
    <subfield code="a">9788490228784</subfield>
  </datafield>
  <datafield tag="041" ind1=" " ind2=" ">
    <subfield code="a">spa</subfield>
  </datafield>
  <datafield tag="092" ind1=" " ind2=" ">
    <subfield code="c">616.07</subfield>
    <subfield code="l">75</subfield>
    <subfield code="s">ROB</subfield>
  </datafield>
  <datafield tag="100" ind1="1" ind2=" ">
    <subfield code="a">Kumar, Vinay</subfield>
    <subfield code="9">127</subfield>
  </datafield>
  <datafield tag="245" ind1=" " ind2=" ">
    <subfield code="a">Robbins y Cotran. </subfield>
    <subfield code="b">Patolog&#xED;a estructural y funcional /</subfield>
    <subfield code="c">Vinay Kumar</subfield>
  </datafield>
  <datafield tag="250" ind1=" " ind2=" ">
    <subfield code="a">9a ed. versi&#xF3;n en espa&#xF1;ol de la obra original en ingl&#xE9;s</subfield>
    <subfield code="b">Revisi&#xF3;n Cient&#xED;fica F. Manzarbeitia Arambarri y M&#xAA;. Jes&#xFA;s Fern&#xE1;ndez-Ace&#xF1;ero</subfield>
  </datafield>
  <datafield tag="260" ind1=" " ind2=" ">
    <subfield code="a">Barcelona: </subfield>
    <subfield code="b">Elsevier ; Saunders;</subfield>
    <subfield code="c">2015.</subfield>
  </datafield>
  <datafield tag="300" ind1=" " ind2=" ">
    <subfield code="a">1391 p.</subfield>
    <subfield code="b">il.</subfield>
  </datafield>
  <datafield tag="500" ind1=" " ind2=" ">
    <subfield code="a">Kumar, V., Abbas, A. K. y Aster, J. C. (2015). Robbins y Cotran. Patolog&#xED;a estructural y funcional. (9a ed.). Barcelona : Elsevier ; Saunders. </subfield>
  </datafield>
  <datafield tag="590" ind1=" " ind2=" ">
    <subfield code="a">Compra PROMED 3er A&#xD1;O 2015</subfield>
  </datafield>
  <datafield tag="653" ind1=" " ind2=" ">
    <subfield code="a">La celula como unidad de salud y enfermedad</subfield>
  </datafield>
  <datafield tag="653" ind1=" " ind2=" ">
    <subfield code="a">Respuestas celulares al estres y las agresiones toxicas: adaptacion, lesion y muerte.</subfield>
  </datafield>
  <datafield tag="653" ind1=" " ind2=" ">
    <subfield code="a">Inflaci&#xF3;n aguda y reparacion</subfield>
  </datafield>
  <datafield tag="653" ind1=" " ind2=" ">
    <subfield code="a">Trastornos hemodin&#xE1;micos, enfermedad tromboemb&#xF3;lica y shock</subfield>
  </datafield>
  <datafield tag="653" ind1=" " ind2=" ">
    <subfield code="a">Trastornos gen&#xE9;ticos</subfield>
  </datafield>
  <datafield tag="653" ind1=" " ind2=" ">
    <subfield code="a">Enfermedades del sistema inmunitario</subfield>
  </datafield>
  <datafield tag="653" ind1=" " ind2=" ">
    <subfield code="a">Neoplasias</subfield>
  </datafield>
  <datafield tag="653" ind1=" " ind2=" ">
    <subfield code="a">Enfermedades infecciosas</subfield>
  </datafield>
  <datafield tag="653" ind1=" " ind2=" ">
    <subfield code="a">Enfermedades ambientales y nutricionales</subfield>
  </datafield>
  <datafield tag="653" ind1=" " ind2=" ">
    <subfield code="a">Enfermedades de la lactancia y la infancia</subfield>
  </datafield>
  <datafield tag="653" ind1=" " ind2=" ">
    <subfield code="a">Vasos sangu&#xED;neos</subfield>
  </datafield>
  <datafield tag="653" ind1=" " ind2=" ">
    <subfield code="a">Coraz&#xF3;n</subfield>
  </datafield>
  <datafield tag="653" ind1=" " ind2=" ">
    <subfield code="a">Enfermedades de los leucocitos, ganglios linf&#xE1;ticos, bazo y timo</subfield>
  </datafield>
  <datafield tag="653" ind1=" " ind2=" ">
    <subfield code="a">Trastornos de los eritrocitos y trastornos hemorr&#xE1;gicos</subfield>
  </datafield>
  <datafield tag="653" ind1=" " ind2=" ">
    <subfield code="a">Pulm&#xF3;n</subfield>
  </datafield>
  <datafield tag="653" ind1=" " ind2=" ">
    <subfield code="a">Cabeza y cuello</subfield>
  </datafield>
  <datafield tag="653" ind1=" " ind2=" ">
    <subfield code="a">Tubo digestivo</subfield>
  </datafield>
  <datafield tag="653" ind1=" " ind2=" ">
    <subfield code="a">H&#xED;gado y vesicula biliar</subfield>
  </datafield>
  <datafield tag="653" ind1=" " ind2=" ">
    <subfield code="a">P&#xE1;ncreas</subfield>
  </datafield>
  <datafield tag="653" ind1=" " ind2=" ">
    <subfield code="a">Ri&#xF1;&#xF3;n</subfield>
  </datafield>
  <datafield tag="653" ind1=" " ind2=" ">
    <subfield code="a">V&#xED;as urinarias bajas y aparato genital masculino</subfield>
  </datafield>
  <datafield tag="653" ind1=" " ind2=" ">
    <subfield code="a">Aparato genital femenino</subfield>
  </datafield>
  <datafield tag="653" ind1=" " ind2=" ">
    <subfield code="a">Mama</subfield>
  </datafield>
  <datafield tag="653" ind1=" " ind2=" ">
    <subfield code="a">Sistema end&#xF3;crino</subfield>
  </datafield>
  <datafield tag="653" ind1=" " ind2=" ">
    <subfield code="a">Piel</subfield>
  </datafield>
  <datafield tag="653" ind1=" " ind2=" ">
    <subfield code="a">Huesos, articulaciones y tumores de partes blandas</subfield>
  </datafield>
  <datafield tag="653" ind1=" " ind2=" ">
    <subfield code="a">Nervio perif&#xE9;rico y m&#xFA;sculo esquel&#xE9;tico</subfield>
  </datafield>
  <datafield tag="653" ind1=" " ind2=" ">
    <subfield code="a">Sistema nervioso central</subfield>
  </datafield>
  <datafield tag="653" ind1=" " ind2=" ">
    <subfield code="a">Ojo</subfield>
  </datafield>
  <datafield tag="700" ind1="1" ind2=" ">
    <subfield code="a">Kumar, Vinay</subfield>
    <subfield code="9">127</subfield>
  </datafield>
  <datafield tag="700" ind1="1" ind2=" ">
    <subfield code="a">Abbas, Abul K.</subfield>
    <subfield code="9">49</subfield>
  </datafield>
  <datafield tag="700" ind1="1" ind2=" ">
    <subfield code="a">Aster, Jon C.</subfield>
    <subfield code="9">50</subfield>
  </datafield>
  <datafield tag="942" ind1=" " ind2=" ">
    <subfield code="2">ddc</subfield>
    <subfield code="c">BK</subfield>
  </datafield>
  <datafield tag="999" ind1=" " ind2=" ">
    <subfield code="c">2237</subfield>
    <subfield code="d">2237</subfield>
  </datafield>
  <datafield tag="952" ind1=" " ind2=" ">
    <subfield code="0">0</subfield>
    <subfield code="1">0</subfield>
    <subfield code="2">ddc</subfield>
    <subfield code="4">0</subfield>
    <subfield code="7">0</subfield>
    <subfield code="8">NFIC</subfield>
    <subfield code="a">BFM</subfield>
    <subfield code="b">BFM</subfield>
    <subfield code="c">CR</subfield>
    <subfield code="d">2016-03-04</subfield>
    <subfield code="e">PROMED 3er a&#xF1;o 2015</subfield>
    <subfield code="g">1600.00</subfield>
    <subfield code="l">105</subfield>
    <subfield code="m">29</subfield>
    <subfield code="o">616.07 75 ROB</subfield>
    <subfield code="p">3629</subfield>
    <subfield code="r">2025-08-08</subfield>
    <subfield code="s">2025-07-03</subfield>
    <subfield code="t">Ej. 37</subfield>
    <subfield code="w">2016-03-04</subfield>
    <subfield code="y">BK</subfield>
    <subfield code="z">Compra PROMED 3er a&#xF1;o 2015</subfield>
  </datafield>
  <datafield tag="952" ind1=" " ind2=" ">
    <subfield code="0">0</subfield>
    <subfield code="1">0</subfield>
    <subfield code="2">ddc</subfield>
    <subfield code="4">0</subfield>
    <subfield code="7">0</subfield>
    <subfield code="8">NFIC</subfield>
    <subfield code="a">BFM</subfield>
    <subfield code="b">BFM</subfield>
    <subfield code="c">CR</subfield>
    <subfield code="d">2016-03-04</subfield>
    <subfield code="e">PROMED 3er a&#xF1;o 2015</subfield>
    <subfield code="g">1600.00</subfield>
    <subfield code="l">111</subfield>
    <subfield code="m">22</subfield>
    <subfield code="o">616.07 75 ROB</subfield>
    <subfield code="p">3630</subfield>
    <subfield code="r">2025-08-08</subfield>
    <subfield code="s">2025-07-03</subfield>
    <subfield code="t">Ej. 38</subfield>
    <subfield code="w">2016-03-04</subfield>
    <subfield code="y">BK</subfield>
    <subfield code="z">Compra PROMED 3er a&#xF1;o 2015. Sede Tordos.</subfield>
    <subfield code="f"></subfield>
  </datafield>
  <datafield tag="952" ind1=" " ind2=" ">
    <subfield code="0">0</subfield>
    <subfield code="1">0</subfield>
    <subfield code="2">ddc</subfield>
    <subfield code="4">0</subfield>
    <subfield code="7">0</subfield>
    <subfield code="8">NFIC</subfield>
    <subfield code="a">BFM</subfield>
    <subfield code="b">BFM</subfield>
    <subfield code="c">CR</subfield>
    <subfield code="d">2016-03-04</subfield>
    <subfield code="e">PROMED 3er a&#xF1;o 2015</subfield>
    <subfield code="g">1600.00</subfield>
    <subfield code="l">83</subfield>
    <subfield code="m">23</subfield>
    <subfield code="o">616.07 75 ROB</subfield>
    <subfield code="p">3631</subfield>
    <subfield code="r">2024-11-15</subfield>
    <subfield code="s">2024-11-12</subfield>
    <subfield code="t">Ej. 39</subfield>
    <subfield code="w">2016-03-04</subfield>
    <subfield code="y">BK</subfield>
    <subfield code="z">Compra PROMED 3er a&#xF1;o 2015</subfield>
  </datafield>
  <datafield tag="952" ind1=" " ind2=" ">
    <subfield code="0">0</subfield>
    <subfield code="1">0</subfield>
    <subfield code="2">ddc</subfield>
    <subfield code="4">0</subfield>
    <subfield code="7">0</subfield>
    <subfield code="8">NFIC</subfield>
    <subfield code="a">BFM</subfield>
    <subfield code="b">BFM</subfield>
    <subfield code="c">CR</subfield>
    <subfield code="d">2016-03-04</subfield>
    <subfield code="e">PROMED 3er a&#xF1;o 2015</subfield>
    <subfield code="g">1600.00</subfield>
    <subfield code="l">100</subfield>
    <subfield code="m">17</subfield>
    <subfield code="o">616.07 75 ROB</subfield>
    <subfield code="p">3632</subfield>
    <subfield code="r">2025-06-09</subfield>
    <subfield code="s">2025-06-09</subfield>
    <subfield code="t">Ej. 40</subfield>
    <subfield code="w">2016-03-04</subfield>
    <subfield code="y">BK</subfield>
    <subfield code="z">Compra PROMED 3er a&#xF1;o 2015. Sede Tordos.</subfield>
    <subfield code="f"></subfield>
  </datafield>
  <datafield tag="952" ind1=" " ind2=" ">
    <subfield code="0">0</subfield>
    <subfield code="1">0</subfield>
    <subfield code="2">ddc</subfield>
    <subfield code="4">0</subfield>
    <subfield code="7">0</subfield>
    <subfield code="8">NFIC</subfield>
    <subfield code="a">BFM</subfield>
    <subfield code="b">BFM</subfield>
    <subfield code="c">CR</subfield>
    <subfield code="d">2016-03-04</subfield>
    <subfield code="e">PROMED 3er a&#xF1;o 2015</subfield>
    <subfield code="g">1600.00</subfield>
    <subfield code="l">113</subfield>
    <subfield code="m">38</subfield>
    <subfield code="o">616.07 75 ROB</subfield>
    <subfield code="p">3633</subfield>
    <subfield code="r">2026-04-09</subfield>
    <subfield code="s">2026-04-01</subfield>
    <subfield code="t">Ej. 41</subfield>
    <subfield code="w">2016-03-04</subfield>
    <subfield code="y">BK</subfield>
    <subfield code="z">Compra PROMED 3er a&#xF1;o 2015. Sede Tordos.</subfield>
    <subfield code="f"></subfield>
  </datafield>
  <datafield tag="952" ind1=" " ind2=" ">
    <subfield code="0">0</subfield>
    <subfield code="1">0</subfield>
    <subfield code="2">ddc</subfield>
    <subfield code="4">0</subfield>
    <subfield code="7">0</subfield>
    <subfield code="8">NFIC</subfield>
    <subfield code="a">BFM</subfield>
    <subfield code="b">BFM</subfield>
    <subfield code="c">CR</subfield>
    <subfield code="d">2016-03-04</subfield>
    <subfield code="e">PROMED 3er a&#xF1;o 2015</subfield>
    <subfield code="g">1600.00</subfield>
    <subfield code="l">119</subfield>
    <subfield code="m">21</subfield>
    <subfield code="o">616.07 75 ROB</subfield>
    <subfield code="p">3634</subfield>
    <subfield code="r">2026-06-01</subfield>
    <subfield code="s">2026-06-01</subfield>
    <subfield code="t">Ej. 42</subfield>
    <subfield code="w">2016-03-04</subfield>
    <subfield code="y">BK</subfield>
    <subfield code="z">Compra PROMED 3er a&#xF1;o 2015</subfield>
  </datafield>
  <datafield tag="952" ind1=" " ind2=" ">
    <subfield code="0">0</subfield>
    <subfield code="1">0</subfield>
    <subfield code="2">ddc</subfield>
    <subfield code="4">0</subfield>
    <subfield code="7">0</subfield>
    <subfield code="8">NFIC</subfield>
    <subfield code="a">BFM</subfield>
    <subfield code="b">BFM</subfield>
    <subfield code="c">CR</subfield>
    <subfield code="d">2016-04-20</subfield>
    <subfield code="e">PROMED</subfield>
    <subfield code="g">1600.00</subfield>
    <subfield code="l">73</subfield>
    <subfield code="m">21</subfield>
    <subfield code="o">616.07 75 ROB</subfield>
    <subfield code="p">3686</subfield>
    <subfield code="r">2025-09-22</subfield>
    <subfield code="s">2025-09-16</subfield>
    <subfield code="t">Ej. 43</subfield>
    <subfield code="w">2016-04-20</subfield>
    <subfield code="y">BK</subfield>
    <subfield code="z">PROMED 3er a&#xF1;o 2016</subfield>
  </datafield>
  <datafield tag="952" ind1=" " ind2=" ">
    <subfield code="0">0</subfield>
    <subfield code="1">0</subfield>
    <subfield code="2">ddc</subfield>
    <subfield code="4">0</subfield>
    <subfield code="7">0</subfield>
    <subfield code="8">NFIC</subfield>
    <subfield code="a">BFM</subfield>
    <subfield code="b">BFM</subfield>
    <subfield code="c">CR</subfield>
    <subfield code="d">2016-04-20</subfield>
    <subfield code="e">PROMED</subfield>
    <subfield code="g">1600.00</subfield>
    <subfield code="l">123</subfield>
    <subfield code="m">27</subfield>
    <subfield code="o">616.07 75 ROB</subfield>
    <subfield code="p">3687</subfield>
    <subfield code="q">2026-06-05</subfield>
    <subfield code="r">2026-05-28</subfield>
    <subfield code="s">2026-05-28</subfield>
    <subfield code="t">Ej. 44</subfield>
    <subfield code="w">2016-04-20</subfield>
    <subfield code="y">BK</subfield>
    <subfield code="z">PROMED 3er a&#xF1;o 2016</subfield>
  </datafield>
  <datafield tag="952" ind1=" " ind2=" ">
    <subfield code="0">0</subfield>
    <subfield code="1">0</subfield>
    <subfield code="2">ddc</subfield>
    <subfield code="4">0</subfield>
    <subfield code="7">0</subfield>
    <subfield code="8">NFIC</subfield>
    <subfield code="a">BFM</subfield>
    <subfield code="b">BFM</subfield>
    <subfield code="c">CR</subfield>
    <subfield code="d">2016-04-20</subfield>
    <subfield code="e">PROMED</subfield>
    <subfield code="g">1600.00</subfield>
    <subfield code="l">108</subfield>
    <subfield code="m">31</subfield>
    <subfield code="o">616.07 75 ROB</subfield>
    <subfield code="p">3688</subfield>
    <subfield code="r">2026-04-20</subfield>
    <subfield code="s">2026-04-16</subfield>
    <subfield code="t">Ej. 45</subfield>
    <subfield code="w">2016-04-20</subfield>
    <subfield code="y">BK</subfield>
    <subfield code="z">PROMED 3er a&#xF1;o 2016. Sede Tordos.</subfield>
    <subfield code="f"></subfield>
  </datafield>
  <datafield tag="952" ind1=" " ind2=" ">
    <subfield code="0">0</subfield>
    <subfield code="1">0</subfield>
    <subfield code="2">ddc</subfield>
    <subfield code="4">0</subfield>
    <subfield code="7">0</subfield>
    <subfield code="8">NFIC</subfield>
    <subfield code="a">BFM</subfield>
    <subfield code="b">BFM</subfield>
    <subfield code="c">CR</subfield>
    <subfield code="d">2016-04-20</subfield>
    <subfield code="e">PROMED</subfield>
    <subfield code="g">1600.00</subfield>
    <subfield code="l">92</subfield>
    <subfield code="m">24</subfield>
    <subfield code="o">616.07 75 ROB</subfield>
    <subfield code="p">3689</subfield>
    <subfield code="r">2025-05-22</subfield>
    <subfield code="s">2025-05-16</subfield>
    <subfield code="t">Ej. 46</subfield>
    <subfield code="w">2016-04-20</subfield>
    <subfield code="y">BK</subfield>
    <subfield code="z">PROMED 3er a&#xF1;o 2016. Sede Tordos.</subfield>
    <subfield code="f"></subfield>
  </datafield>
  <datafield tag="952" ind1=" " ind2=" ">
    <subfield code="0">0</subfield>
    <subfield code="1">0</subfield>
    <subfield code="2">ddc</subfield>
    <subfield code="4">0</subfield>
    <subfield code="7">0</subfield>
    <subfield code="a">BFM</subfield>
    <subfield code="b">BFM</subfield>
    <subfield code="c">CR</subfield>
    <subfield code="d">2024-05-21</subfield>
    <subfield code="e">Donaci&#xF3;n Mariana Pareti, Mayo 2024</subfield>
    <subfield code="l">1</subfield>
    <subfield code="o">616.07 75 ROB</subfield>
    <subfield code="p">4891</subfield>
    <subfield code="r">2024-08-02</subfield>
    <subfield code="s">2024-07-01</subfield>
    <subfield code="t">Ej.47</subfield>
    <subfield code="w">2024-05-21</subfield>
    <subfield code="y">BK</subfield>
    <subfield code="z">Donaci&#xF3;n Mariana Pareti, Mayo 2024</subfield>
    <subfield code="f"></subfield>
  </datafield>
  <datafield tag="952" ind1=" " ind2=" ">
    <subfield code="0">0</subfield>
    <subfield code="1">0</subfield>
    <subfield code="2">ddc</subfield>
    <subfield code="4">0</subfield>
    <subfield code="7">0</subfield>
    <subfield code="a">BFM</subfield>
    <subfield code="b">BFM</subfield>
    <subfield code="c">CR</subfield>
    <subfield code="d">2025-11-27</subfield>
    <subfield code="e">Donaci&#xF3;n noviembre 2025</subfield>
    <subfield code="l">4</subfield>
    <subfield code="o">616.07 75</subfield>
    <subfield code="p">5129</subfield>
    <subfield code="q">2026-06-05</subfield>
    <subfield code="r">2026-05-28</subfield>
    <subfield code="s">2026-05-28</subfield>
    <subfield code="t">Ej.47</subfield>
    <subfield code="w">2025-11-28</subfield>
    <subfield code="y">BK</subfield>
    <subfield code="z">Donaci&#xF3;n Barros Medel Lilian, noviembre 2025.</subfield>
    <subfield code="f"></subfield>
  </datafield>
</record>
